01003nam a2200229 i 4500001000700000003000900007005001700016007000300033008004100036245029700077250009600374260006100470300003800531650002300569700001500592700002200607700002800629700002200657700002500679700004600704852002300750148152ES-MaACL20251001180008.0t|070214s1931 sp r ||||1| spa d00aTratado de obstetricia / cescrito por los eminentes tocólogos G. Bessau ... [et al.] ; bajo la direccion del Dr. W. Stoeckel ; traducido directamente de la 3ª ed. alemana por M. Montaner de la Poza y M. Montaner Toutain ; con un prólogo del Excmo. Sr. Dr. D. Sebastián Recasens Girol. a2ª ed. aum. y mejorada con 19 figuras, la mayor parte en colores y muchas de ellas nuevas. aBarcelona : bModesto Usón, c1931 (fDalmau Olivares) a2 v., 2 lám. : bil. ; c25 cm. 7aObstetricia2embne1 aBessau, G.1 aStoeckel, Walter.1 aMontaner de la Poza, M.0 aFranque, Otto von1 aMontaner Toutain, M.1 aRecasens y Girol, Sebastián,d1863-1933 aES-MaACLjE-561-62